संशोधन करताना (Record no. 36615)

MARC details
000 -LEADER
fixed length control field 00481nam a2200181Ia 4500
008 - FIXED-LENGTH DATA ELEMENTS--GENERAL INFORMATION
fixed length control field 220531s9999 xx 000 0 und d
041 ## - LANGUAGE CODE
Language code of text/sound track or separate title mar
100 ## - MAIN ENTRY--PERSONAL NAME
Personal name ताटके नीलम
9 (RLIN) 64602
245 ## - TITLE STATEMENT
Title संशोधन करताना
250 ## - EDITION STATEMENT
Edition statement 1ST
260 ## - PUBLICATION, DISTRIBUTION, ETC. (IMPRINT)
Place of publication, distribution, etc. Pune
Name of publisher, distributor, etc. Diamand
Date of publication, distribution, etc. 2008
300 ## - PHYSICAL DESCRIPTION
Extent 88
542 ## - INFORMATION RELATING TO COPYRIGHT STATUS
Copyright holder 21-10-2015
551 ## -
-- Sociology
-- Grantable-SCO
650 ## - SUBJECT ADDED ENTRY--TOPICAL TERM
Topical term or geographic name as entry element Research Methodology
9 (RLIN) 64603
906 ## - LOCAL DATA ELEMENT F, LDF (RLIN)
d 2015-2016
Holdings
Withdrawn status Lost status Source of classification or shelving scheme Damaged status Not for loan Collection code Home library Current library Date acquired Vendor Cost, normal purchase price Total Checkouts Total Holds Full call number Barcode Date last seen Bill Date Koha item type Original Barcode
    Dewey Decimal Classification       Shri Siddhivinayak Mahila Mahavidyalaya Shri Siddhivinayak Mahila Mahavidyalaya 30/10/2015 Creative Book Service 90.00   2 /-/B/17618 SSMM-BK-17618 06/08/2022 06/08/2022 Books 010017618